[Event "SWE-chT 2324 Elite"]
[Site "Sweden"]
[Date "2023.10.14"]
[Round "2.3"]
[White "Nord, Alexander"]
[Black "Cramling, Dan"]
[Result "1/2-1/2"]
[WhiteElo "2201"]
[BlackElo "2298"]
[PlyCount "105"]
[EventDate "2023.10.13"]
[EventType "team-tourn"]
[EventRounds "9"]
[EventCountry "SWE"]
[SourceTitle "Mega2024 Update 01"]
[Source "Chessbase"]
[SourceDate "2023.11.12"]
[SourceVersion "1"]
[SourceVersionDate "2023.11.12"]
[SourceQuality "1"]
[WhiteTeam "Lunds"]
[BlackTeam "Wasa"]
[WhiteTeamCountry "SWE"]
[BlackTeamCountry "SWE"]

1. d4 g6 2. e4 d6 3. Nc3 Bg7 4. Be3 a6 5. Qd2 Nd7 6. f3 b5 7. h4 h6 8. Nge2 h5 9. Nd1 Ngf6 10. Nf2 Bb7 11. g3 c5 12. c3 Qa5 13. Bh3 e6 14. 0-0 0-0 15. Bg2 Rac8 16. Rfc1 Rfd8 17. Bg5 cxd4 18. cxd4 Qxd2 19. Bxd2 Nb8 20. Be3 Nc6 21. Nd3 Nd7 22. Kf2 a5 23. b3 Ba6 24. Ke1 b4 25. Kd2 Nb6 26. Bh3 Bxd3 27. Kxd3 Ne5+ 28. Kd2 Nxf3+ 29. Kd1 d5 30. e5 Nh2 31. Bg5 Rxc1+ 32. Rxc1 Rb8 33. Rc5 a4 34. Rb5 axb3 35. axb3 Bf8 36. Bd2 Nd7 37. Ra5 Rb7 38. Nf4 Kg7 39. Ke2 Nb8 40. Ra8 Be7 41. Be3 Nc6 42. Ra6 Nb8 43. Ra8 Rb5 44. Nd3 Nc6 45. Ra6 Nd8 46. Bg1 Ng4 47. Bxg4 hxg4 48. Be3 Rb7 49. Bd2 Kf8 50. Nf2 Ke8 51. Nxg4 Kd7 52. Kd3 Nc6 53. Ra8 1/2-1/2

[Event "SWE-chT 2223 Elite"]
[Site "Sweden"]
[Date "2023.03.11"]
[Round "8.5"]
[White "Cramling, Dan"]
[Black "Thornert, Hakan"]
[Result "1-0"]
[WhiteElo "2289"]
[BlackElo "2173"]
[PlyCount "179"]
[EventDate "2022.10.14"]
[EventType "team-tourn"]
[EventRounds "9"]
[EventCountry "SWE"]
[SourceTitle "CBM 213 Extra"]
[Source "ChessBase"]
[SourceDate "2023.05.31"]
[SourceVersion "1"]
[SourceVersionDate "2023.05.31"]
[SourceQuality "1"]
[WhiteTeam "Wasa"]
[BlackTeam "Eksjo"]
[WhiteTeamCountry "SWE"]
[BlackTeamCountry "SWE"]

1. d4 Nf6 2. c4 g6 3. Nc3 d5 4. cxd5 Nxd5 5. e4 Nxc3 6. bxc3 Bg7 7. Bg5 c5 8. Rc1 Qa5 9. Qd2 h6 10. Be3 cxd4 11. cxd4 Qxd2+ 12. Bxd2 0-0 13. Nf3 Rd8 14. Bc4 e6 15. 0-0 Nc6 16. d5 exd5 17. exd5 Ne7 18. Rfe1 Nf5 19. Bf4 Bd7 20. g4 Nd4 21. Nxd4 Bxd4 22. Bxh6 Re8 23. Be2 b5 24. Bf3 b4 25. Rxe8+ Rxe8 26. Rc4 Bc3 27. Be3 a5 28. Rc7 Bb5 29. d6 Rd8 30. Bc6 Bxc6 31. Rxc6 Be5 32. Bc5 Kf8 33. Ra6 Ke8 34. Kg2 Kd7 35. Rxa5 Bxd6 36. Ra7+ Kc6 37. Bxd6 Kxd6 38. Rxf7 Ra8 39. Rf6+ Kc5 40. Rxg6 Rxa2 41. Rg8 Ra6 42. Rc8+ Rc6 43. Rb8 Rb6 44. Rxb6 Kxb6 45. g5 b3 46. g6 b2 47. g7 b1Q 48. g8Q Qe4+ 49. Kg3 Qe5+ 50. Kh3 Qf5+ 51. Kg2 Qe4+ 52. f3 Qe2+ 53. Kg3 Qe5+ 54. Kh3 Qf5+ 55. Qg4 Qh7+ 56. Kg2 Qc2+ 57. Kg3 Qc7+ 58. Qf4 Qg7+ 59. Kh4 Qh8+ 60. Kg5 Qg7+ 61. Kh5 Qd7 62. h4 Qe8+ 63. Kg4 Qd7+ 64. Kg3 Qg7+ 65. Kh3 Qd7+ 66. Qg4 Qd1 67. Qe4 Qd7+ 68. Kg3 Qg7+ 69. Qg4 Qe5+ 70. Qf4 Qe1+ 71. Kg4 Qe6+ 72. Qf5 Qe3 73. h5 Qg1+ 74. Kh4 Qe1+ 75. Kg5 Qc1+ 76. Kg6 Qg1+ 77. Qg5 Qb1+ 78. Kg7 Ka7 79. Qe7+ Kb8 80. f4 Qd1 81. Qe5+ Ka8 82. Qe8+ Kb7 83. f5 Qg4+ 84. Qg6 Qd4+ 85. f6 Ka6 86. h6 Ka5 87. h7 Qd7+ 88. f7 Qd4+ 89. Kg8 Qd8+ 90. f8Q 1-0

[Event "SWE-ch Blitz"]
[Site "Stockholm"]
[Date "2023.01.01"]
[Round "13"]
[White "Harshad, S."]
[Black "Cramling, Dan"]
[Result "0-1"]
[WhiteElo "2237"]
[BlackElo "2293"]
[PlyCount "150"]
[EventDate "2023.01.01"]
[EventType "swiss (blitz)"]
[EventRounds "13"]
[EventCountry "SWE"]
[SourceTitle "CBM 211 Extra"]
[Source "ChessBase"]
[SourceDate "2023.01.31"]
[SourceVersion "1"]
[SourceVersionDate "2023.01.31"]
[SourceQuality "1"]

1. e4 Nf6 2. e5 Nd5 3. d4 d6 4. c4 Nb6 5. f4 dxe5 6. fxe5 Nc6 7. Nf3 Bg4 8. Be3 e6 9. Nc3 Bxf3 10. gxf3 Qh4+ 11. Bf2 Qf4 12. Qd3 0-0-0 13. Ne2 Bb4+ 14. Kd1 Qh6 15. f4 f6 16. Qh3 fxe5 17. Qxh6 gxh6 18. fxe5 Nxe5 19. b3 Nf3 20. Bh3 Rhe8 21. Kc2 Kb8 22. c5 Bxc5 23. Rad1 Bf8 24. Bg3 Bg7 25. Rhf1 Nxd4+ 26. Nxd4 Bxd4 27. Rf7 e5 28. Rxh7 Nd5 29. Rd3 Nb4+ 30. Kd2 Nxd3 31. Kxd3 Bf2+ 32. Ke4 Bxg3 33. hxg3 Rd4+ 34. Ke3 Rg8 35. Rxh6 Rxg3+ 36. Ke2 Rd8 37. Be6 Rg2+ 38. Ke3 Rxa2 39. Ke4 Re2+ 40. Kf5 a5 41. Bc4 Rc2 42. Rh4 Rd4 43. Rh8+ Ka7 44. Kxe5 Rdxc4 45. bxc4 Rxc4 46. Kd5 Rc6 47. Rh4 Ka6 48. Rh8 Rc1 49. Rh7 c6+ 50. Kd4 a4 51. Kd3 a3 52. Rh8 Ka7 53. Rh4 b5 54. Rh2 Kb6 55. Kd2 Rb1 56. Kc3 Rb2 57. Rh1 b4+ 58. Kc4 Ka5 59. Rh8 Rc2+ 60. Kb3 Rc3+ 61. Ka2 Kb5 62. Rh4 c5 63. Rh2 Rd3 64. Rg2 Rd6 65. Rh2 c4 66. Rh5+ Kc6 67. Rh2 Kc5 68. Rh5+ Rd5 69. Rh2 Kb5 70. Rg2 Ka4 71. Rg1 Rd2+ 72. Ka1 Kb3 73. Rg3+ c3 74. Rg1 c2 75. Rc1 Rd1 0-1

[Event "SWE-chT 2223 Elite"]
[Site "Sweden"]
[Date "2022.10.16"]
[Round "3.3"]
[White "Lindgren, Philip"]
[Black "Cramling, Dan"]
[Result "1/2-1/2"]
[WhiteElo "2382"]
[BlackElo "2289"]
[PlyCount "86"]
[EventDate "2022.10.14"]
[EventType "team-tourn"]
[EventRounds "9"]
[EventCountry "SWE"]
[SourceTitle "CBM 210 Extra"]
[Source "ChessBase"]
[SourceDate "2022.11.30"]
[SourceVersion "1"]
[SourceVersionDate "2022.11.30"]
[SourceQuality "1"]
[WhiteTeam "Limhamn"]
[BlackTeam "Wasa"]
[WhiteTeamCountry "SWE"]
[BlackTeamCountry "SWE"]

1. d4 Nf6 2. Nf3 c5 3. e3 d5 4. Nbd2 cxd4 5. exd4 Nc6 6. Be2 Bg4 7. Nf1 Qb6 8. c3 Bxf3 9. Bxf3 e5 10. dxe5 Nxe5 11. Ne3 Nxf3+ 12. Qxf3 d4 13. Nf5 Qe6+ 14. Kf1 dxc3 15. bxc3 0-0-0 16. g3 g6 17. Nd4 Qe4 18. Qxe4 Nxe4 19. Be3 Bc5 20. Rc1 b6 21. Kg2 Kb7 22. Rhd1 Rc8 23. Kf3 Rhe8 24. c4 Ba3 25. Rc2 Nd6 26. Rd3 Bb4 27. Rb3 Bc5 28. Nb5 Ne4 29. Rd3 a6 30. Nc3 Nxc3 31. Rcxc3 Bxe3 32. Rxe3 Kc6 33. Red3 Rcd8 34. Rd5 Rxd5 35. cxd5+ Kxd5 36. Rc7 Re5 37. g4 h5 38. Rxf7 hxg4+ 39. Kxg4 Ke6 40. Rb7 Rb5 41. f4 Kf6 42. h4 a5 43. a4 Rb4 1/2-1/2

[Event "SWE-chT 2122 Elite"]
[Site "Sweden"]
[Date "2022.03.18"]
[Round "3.3"]
[White "Lukez, Franko"]
[Black "Cramling, Dan"]
[Result "1/2-1/2"]
[WhiteElo "2284"]
[BlackElo "2290"]
[PlyCount "56"]
[EventDate "2021.12.03"]
[EventType "team-tourn"]
[EventRounds "9"]
[EventCountry "SWE"]
[SourceTitle "EXT 2023"]
[Source "ChessBase"]
[SourceDate "2022.10.05"]
[SourceVersion "1"]
[SourceVersionDate "2022.10.05"]
[SourceQuality "1"]
[WhiteTeam "Eksjo"]
[BlackTeam "Wasa"]
[WhiteTeamCountry "SWE"]
[BlackTeamCountry "SWE"]

1. Nf3 Nf6 2. g3 g6 3. Bg2 Bg7 4. 0-0 0-0 5. c4 d6 6. Nc3 e5 7. Rb1 a5 8. a3 Nc6 9. d3 Bf5 10. b4 axb4 11. axb4 Qd7 12. b5 Nd4 13. Bg5 c6 14. Ne1 Ra3 15. Bxf6 Bxf6 16. bxc6 bxc6 17. Ne4 Bxe4 18. Bxe4 d5 19. cxd5 cxd5 20. Bf3 Rc8 21. Rc1 Rxc1 22. Qxc1 Ra2 23. e3 Nxf3+ 24. Nxf3 e4 25. dxe4 dxe4 26. Qb1 Qe6 27. Ne1 Ra1 28. Qb5 Rc1 1/2-1/2

[Event "EU-Cup 36th"]
[Site "Struga"]
[Date "2021.09.23"]
[Round "6.2"]
[White "Willson, Ollie"]
[Black "Cramling, Dan"]
[Result "0-1"]
[WhiteElo "2082"]
[BlackElo "2292"]
[PlyCount "109"]
[EventDate "2021.09.18"]
[EventType "team-swiss"]
[EventRounds "7"]
[EventCountry "MKD"]
[SourceTitle "CBM 204 Extra"]
[Source "ChessBase"]
[SourceDate "2021.11.30"]
[SourceVersion "1"]
[SourceVersionDate "2021.11.30"]
[SourceQuality "1"]
[WhiteTeam "Sussex Martlets"]
[BlackTeam "Wasa"]
[WhiteTeamCountry "ENG"]
[BlackTeamCountry "SWE"]

1. e4 Nf6 2. e5 Nd5 3. d4 d6 4. Nf3 g6 5. Bc4 Nb6 6. Bb3 Bg7 7. Qe2 0-0 8. a4 dxe5 9. dxe5 a5 10. e6 f5 11. h4 Na6 12. h5 Nc5 13. hxg6 hxg6 14. Bh6 Bxb2 15. Ra2 Bf6 16. Qe3 Nxb3 17. Bxf8 Qxf8 18. cxb3 Nd5 19. Qc5 Bxe6 20. Rd2 c6 21. g3 Bf7 22. Re2 Qg7 23. Nbd2 e5 24. Nc4 e4 25. Nfd2 Nc3 26. Re3 Nd5 27. Re2 Bc3 28. Nd6 Bb4 29. Qc1 Bxd6 30. Nc4 Bb4+ 31. Kf1 b5 32. Ne3 Nc3 33. Rd2 Bxb3 34. f3 Bc5 35. Rdh2 Bd4 36. Rh8+ Qxh8 37. Rxh8+ Bxh8 38. Qa3 Bf7 39. Qd6 Nd5 40. Ng2 Rc8 41. Nh4 Bf6 42. Nxg6 Rd8 43. Qxc6 Bxg6 44. axb5 Be8 45. Qc5 Be7 46. Qc4 Kf8 47. Kf2 e3+ 48. Kg2 Bb4 49. Qd4 Bxb5 50. Qh8+ Ke7 51. Qe5+ Kf7 52. Qxf5+ Nf6 53. Qxb5 e2 54. Qc4+ Kg7 55. Qc7+ 0-1

[Event "EU-Cup 36th"]
[Site "Struga"]
[Date "2021.09.21"]
[Round "4.2"]
[White "Godart, Francois"]
[Black "Cramling, Dan"]
[Result "1-0"]
[WhiteElo "2407"]
[BlackElo "2292"]
[PlyCount "57"]
[EventDate "2021.09.18"]
[EventType "team-swiss"]
[EventRounds "7"]
[EventCountry "MKD"]
[SourceTitle "CBM 204 Extra"]
[Source "ChessBase"]
[SourceDate "2021.11.30"]
[SourceVersion "1"]
[SourceVersionDate "2021.11.30"]
[SourceQuality "1"]
[WhiteTeam "Bonnevoie Gambit"]
[BlackTeam "Wasa"]
[WhiteTeamCountry "LUX"]
[BlackTeamCountry "SWE"]

1. d4 Nf6 2. c4 c5 3. d5 b5 4. cxb5 a6 5. e3 axb5 6. Bxb5 Qa5+ 7. Nc3 Bb7 8. Bd2 Qb6 9. a4 e6 10. Nf3 exd5 11. a5 Qc7 12. Na4 Bc6 13. Be2 Be7 14. Nb6 Ra7 15. Bc3 0-0 16. 0-0 Qb7 17. Qd3 Na6 18. Rfd1 Nc7 19. Ne5 Bb5 20. Qc2 d6 21. Nf3 Bc6 22. b4 d4 23. exd4 Nfd5 24. bxc5 dxc5 25. Rab1 Nb4 26. Qb2 Be4 27. dxc5 Bxb1 28. Bxb4 Be4 29. c6 1-0

[Event "EU-Cup Online Gr-F"]
[Site "Tornelo INT"]
[Date "2021.03.27"]
[Round "4.4"]
[White "Cramling, Dan"]
[Black "Apaydin, Fethi"]
[Result "0-1"]
[WhiteElo "2292"]
[BlackElo "2260"]
[PlyCount "114"]
[EventDate "2021.03.27"]
[EventType "team-tourn (rapid)"]
[EventRounds "9"]
[EventCountry "NET"]
[SourceTitle "CBM 201 Extra"]
[Source "ChessBase"]
[SourceDate "2021.05.31"]
[SourceVersion "1"]
[SourceVersionDate "2021.05.31"]
[SourceQuality "1"]
[WhiteTeam "Wasa"]
[BlackTeam "Apaydin"]
[WhiteTeamCountry "SWE"]
[BlackTeamCountry "TUR"]

1. d4 d6 2. c4 e5 3. d5 g6 4. Nc3 Bg7 5. e4 Ne7 6. h4 h6 7. h5 g5 8. g4 c6 9. Nh3 Na6 10. Be3 Bd7 11. f3 Nc7 12. Nf2 c5 13. a3 0-0 14. b4 b6 15. bxc5 bxc5 16. Bd3 Rb8 17. 0-0 Na8 18. Bd2 Nc8 19. Qc2 Ncb6 20. Nfd1 Qc8 21. Ne3 Qd8 22. Nb5 Nxc4 23. Bxc4 Bxb5 24. Bxb5 Rxb5 25. Rab1 Nc7 26. a4 Rb8 27. Rxb8 Qxb8 28. Rb1 Qc8 29. Nf5 Qa6 30. Qb3 Qe2 31. Ba5 Na6 32. Rb2 c4 33. Rxe2 cxb3 34. Nxd6 Rb8 35. Nb5 Nc5 36. Bc7 Rb7 37. d6 Nxa4 38. Na3 Bf6 39. Nb1 Nc5 40. Rd2 Ne6 41. Ba5 Nd4 42. Kg2 Kf8 43. Bc3 Ke8 44. Na3 Kd7 45. Rb2 Kxd6 46. Nc4+ Kc5 47. Na5 Rb5 48. Bxd4+ exd4 49. Nxb3+ Kb6 50. Rb1 a5 51. Kf2 a4 52. Nd2 Rxb1 53. Nxb1 Be7 54. Ke2 a3 55. Nd2 a2 56. Nb3 Bb4 57. Kd3 Bc3 0-1

[Event "EU-Cup 35th"]
[Site "Ulcinj"]
[Date "2019.11.16"]
[Round "7.25"]
[White "Cramling, Dan"]
[Black "Vinter Schou, Uffe"]
[Result "1-0"]
[WhiteElo "2313"]
[BlackElo "2361"]
[PlyCount "97"]
[EventDate "2019.11.10"]
[EventType "team-swiss"]
[EventRounds "7"]
[EventCountry "MNE"]
[SourceTitle "EXT 2021"]
[Source "ChessBase"]
[SourceDate "2020.10.23"]
[SourceVersion "1"]
[SourceVersionDate "2020.10.23"]
[SourceQuality "1"]
[WhiteTeam "Wasa"]
[BlackTeam "Aarhus Skolerne"]
[WhiteTeamCountry "SWE"]
[BlackTeamCountry "DEN"]

1. c4 e5 2. Nc3 Nf6 3. Nf3 Nc6 4. e3 Bb4 5. Qc2 0-0 6. Nd5 Re8 7. Qf5 d6 8. Nxf6+ Qxf6 9. Qxf6 gxf6 10. a3 Bc5 11. b4 Bb6 12. Bb2 a5 13. b5 Ne7 14. d4 Ng6 15. Be2 Bg4 16. Kd2 a4 17. Rhc1 c5 18. bxc6 bxc6 19. h3 Bf5 20. Bc3 Ba5 21. Bxa5 Rxa5 22. g4 Be4 23. Kc3 c5 24. d5 Ne7 25. Nd2 Bg6 26. e4 Kg7 27. Rab1 Rh8 28. Rb6 Nc8 29. Rc6 Ra8 30. Rb1 h5 31. Rb7 hxg4 32. Bxg4 Bh5 33. Bf5 Bg6 34. Bd7 Kh6 35. Rbc7 Ne7 36. Rxd6 Kg5 37. Bg4 Ng8 38. f3 Nh6 39. Rxc5 f5 40. exf5 Nxf5 41. Ne4+ Kh4 42. Bxf5 Bxf5 43. Rf6 Bg6 44. d6 Rh5 45. d7 Kxh3 46. Rc8 Rh8 47. Rxh8+ Rxh8 48. Ng5+ Kg3 49. Nxf7 1-0

[Event "SWE-chT 1920 Elite"]
[Site "Sweden"]
[Date "2019.10.18"]
[Round "1.2"]
[White "Cramling, Dan"]
[Black "Gonzalez, Emilio"]
[Result "1/2-1/2"]
[WhiteElo "2314"]
[BlackElo "1936"]
[PlyCount "46"]
[EventDate "2019.10.18"]
[EventType "team-tourn"]
[EventRounds "9"]
[EventCountry "SWE"]
[SourceTitle "CBM 192 Extra"]
[Source "Chessbase"]
[SourceDate "2019.11.06"]
[SourceVersion "1"]
[SourceVersionDate "2019.11.06"]
[SourceQuality "1"]
[WhiteTeam "Wasa"]
[BlackTeam "Vaxjo"]
[WhiteTeamCountry "SWE"]
[BlackTeamCountry "SWE"]

1. d4 Nf6 2. c4 e6 3. Nc3 Bb4 4. e3 b6 5. Nge2 c5 6. a3 Ba5 7. Rb1 Qe7 8. Bd2 0-0 9. b4 cxb4 10. axb4 Bxb4 11. Rxb4 Qxb4 12. Nd5 Qxc4 13. Nxf6+ gxf6 14. Nf4 Qa2 15. Bd3 Ba6 16. Bxh7+ Kxh7 17. Qh5+ Kg8 18. Qg4+ Kh7 19. Qh4+ Kg8 20. Qg3+ Kh7 21. Qh3+ Kg8 22. Qg4+ Kh7 23. Qh4+ Kg8 1/2-1/2

[Event "SWE-chB"]
[Site "Eskilstuna"]
[Date "2019.07.07"]
[Round "2"]
[White "Cramling, Dan"]
[Black "Andersson, Tommy"]
[Result "1-0"]
[WhiteElo "2321"]
[BlackElo "2390"]
[PlyCount "61"]
[EventDate "2019.07.06"]
[EventType "tourn"]
[EventRounds "9"]
[EventCountry "SWE"]
[EventCategory "3"]
[SourceTitle "CBM 191 Extra"]
[Source "ChessBase"]
[SourceDate "2019.09.30"]
[SourceVersion "1"]
[SourceVersionDate "2019.09.30"]
[SourceQuality "1"]

1. d4 Nf6 2. c4 e6 3. Nc3 d5 4. Bg5 c6 5. e3 Be7 6. Nf3 a6 7. Rc1 b5 8. cxd5 cxd5 9. Ne5 Bb7 10. Bd3 Nbd7 11. f4 Rc8 12. 0-0 Ne4 13. Bxe7 Kxe7 14. f5 Ndf6 15. Bxe4 dxe4 16. fxe6 fxe6 17. Qe1 Ke8 18. Qh4 Qe7 19. Ng6 hxg6 20. Qxh8+ Kf7 21. Qh4 Kg8 22. Nxe4 Rxc1 23. Nxf6+ gxf6 24. Rxc1 e5 25. Qh6 exd4 26. Qxg6+ Kf8 27. Rf1 Qxe3+ 28. Kh1 Bd5 29. Rxf6+ Ke7 30. Qg7+ Ke8 31. Rf8# 1-0

[Event "EU-Cup 34th"]
[Site "Porto Carras"]
[Date "2018.10.18"]
[Round "7.4"]
[White "Lammens, Tim"]
[Black "Cramling, Dan"]
[Result "0-1"]
[WhiteElo "2281"]
[BlackElo "2358"]
[PlyCount "70"]
[EventDate "2018.10.12"]
[EventType "team-swiss"]
[EventRounds "7"]
[EventCountry "GRE"]
[SourceTitle "CBM 187"]
[Source "ChessBase"]
[SourceDate "2018.12.11"]
[SourceVersion "1"]
[SourceVersionDate "2018.12.11"]
[SourceQuality "1"]
[WhiteTeam "Apeldoorn MuConsult"]
[BlackTeam "Team Viking"]
[WhiteTeamCountry "NED"]
[BlackTeamCountry "SWE"]

1. d4 Nf6 2. c4 c5 3. d5 b5 4. cxb5 a6 5. e3 g6 6. Nc3 Bg7 7. a4 0-0 8. e4 d6 9. Nf3 Nbd7 10. Bd2 Ne8 11. Be2 Nc7 12. 0-0 axb5 13. axb5 Bb7 14. Qb3 Nb6 15. Rfd1 f5 16. e5 Rxa1 17. Rxa1 Ncxd5 18. Ng5 Qc8 19. Ra7 c4 20. Nxd5 Bxd5 21. Qh3 h6 22. Qe3 Nd7 23. e6 Ne5 24. f4 hxg5 25. fxe5 f4 26. Qd4 Qxe6 27. Rxe7 Bxe5 28. Qa7 Qf6 29. Bc3 Bxc3 30. bxc3 Qxc3 31. Bf1 g4 32. Qf2 g3 33. hxg3 fxg3 34. Qe3 Qf6 35. Be2 Qa1+ 0-1

[Event "SWE-chT 1718 Elite"]
[Site "Sweden"]
[Date "2017.10.21"]
[Round "2.1"]
[White "Cramling, Dan"]
[Black "Agrest, Inna"]
[Result "0-1"]
[WhiteElo "2383"]
[BlackElo "2271"]
[PlyCount "82"]
[EventDate "2017.10.20"]
[EventType "team-tourn"]
[EventRounds "9"]
[EventCountry "SWE"]
[SourceTitle "CBM 181 Extra"]
[Source "ChessBase"]
[SourceDate "2017.12.12"]
[SourceVersion "1"]
[SourceVersionDate "2017.12.12"]
[SourceQuality "1"]
[WhiteTeam "Viking Team"]
[BlackTeam "Malmo"]
[WhiteTeamCountry "SWE"]
[BlackTeamCountry "SWE"]

1. d4 Nf6 2. c4 g6 3. Nc3 Bg7 4. e4 d6 5. Be2 0-0 6. Nf3 Nbd7 7. Be3 e5 8. 0-0 Re8 9. d5 Nh5 10. g3 Bf8 11. Ne1 Ng7 12. Nd3 Be7 13. f3 f5 14. b4 Nf6 15. c5 h5 16. Kh1 Rf8 17. Nf2 Nh7 18. Rc1 g5 19. Nb5 f4 20. gxf4 gxf4 21. Bd2 Bh4 22. Nd3 a6 23. Na3 Ng5 24. Rg1 Qf6 25. Nc4 Bd7 26. cxd6 cxd6 27. Nb6 Rad8 28. Rc7 Rf7 29. Rxb7 Ba4 30. Qxa4 Rxb7 31. Qxa6 Rc7 32. Qa4 Kh8 33. Qb3 Rb8 34. Na4 Nh3 35. Rg2 Ne8 36. Bf1 Ng5 37. Ndb2 Rg7 38. Nd1 Nc7 39. Nab2 Rbg8 40. Qc4 Nxf3 41. Qd3 Ng5 0-1

[Event "EU-chT Seniors 50"]
[Site "Novi Sad"]
[Date "2017.06.25"]
[Round "1.4"]
[White "Rewitz, Poul"]
[Black "Cramling, Dan"]
[Result "0-1"]
[WhiteElo "2310"]
[BlackElo "2377"]
[PlyCount "76"]
[EventDate "2017.06.25"]
[EventType "team-tourn"]
[EventRounds "9"]
[EventCountry "SRB"]
[SourceTitle "CBM 179 Extra"]
[Source "ChessBase"]
[SourceDate "2017.08.23"]
[SourceVersion "1"]
[SourceVersionDate "2017.08.23"]
[SourceQuality "1"]
[WhiteTeam "Denmark 50"]
[BlackTeam "Sweden 50"]
[WhiteTeamCountry "DEN"]
[BlackTeamCountry "SWE"]

1. d4 d6 2. e4 Nf6 3. Nc3 g6 4. h3 Bg7 5. Nf3 0-0 6. Be3 a6 7. Qd2 b5 8. a3 Bb7 9. Bd3 Nbd7 10. e5 Nd5 11. e6 Nxc3 12. exf7+ Rxf7 13. bxc3 Bxf3 14. gxf3 d5 15. h4 Nf6 16. Ke2 Nh5 17. Rag1 Qd6 18. Rg4 Raf8 19. Rh3 Qe6 20. Qc1 Nf4+ 21. Rxf4 Qxh3 22. a4 c6 23. axb5 cxb5 24. Rxf7 Rxf7 25. Qa3 Qxf3+ 26. Kd2 Qf6 27. Qc5 Qd6 28. Qc8+ Rf8 29. Qg4 e5 30. h5 b4 31. hxg6 bxc3+ 32. Kd1 e4 33. gxh7+ Kh8 34. Bf1 a5 35. Bb5 Qb6 36. Ba4 Bxd4 37. Bf4 Qf6 38. Bb3 Bxf2 0-1

[Event "SWE-chT 1617"]
[Site "Sweden"]
[Date "2017.03.26"]
[Round "9.1"]
[White "Hedman, Erik"]
[Black "Cramling, Dan"]
[Result "0-1"]
[WhiteElo "2365"]
[BlackElo "2367"]
[PlyCount "74"]
[EventDate "2016.10.14"]
[EventType "team-tourn"]
[EventRounds "9"]
[EventCountry "SWE"]
[SourceTitle "CBM 177 Extra"]
[Source "ChessBase"]
[SourceDate "2017.04.27"]
[SourceVersion "1"]
[SourceVersionDate "2017.04.27"]
[SourceQuality "1"]
[WhiteTeam "Stockholm Rockaden"]
[BlackTeam "Viking Team"]
[WhiteTeamCountry "SWE"]
[BlackTeamCountry "SWE"]

1. d4 Nf6 2. c4 c5 3. d5 b5 4. cxb5 a6 5. bxa6 g6 6. Nc3 Bg7 7. e4 0-0 8. Nf3 Qa5 9. Bd2 d6 10. Be2 Bxa6 11. 0-0 Bxe2 12. Qxe2 Qa6 13. Qd1 Nbd7 14. Qc2 Rfb8 15. a4 Ne8 16. Ra3 Nc7 17. Rb1 Ra7 18. Nb5 Nxb5 19. axb5 Qb6 20. Qc4 Rba8 21. Rxa7 Qxa7 22. b4 Qa4 23. Qe2 Qa2 24. Qf1 c4 25. Rc1 Rc8 26. Bc3 Bxc3 27. Rxc3 Qb2 28. Qc1 Qxb4 29. Nd4 Rc5 30. Qa1 Ne5 31. f4 Nd3 32. g3 Rc7 33. Qa3 Qb1+ 34. Kg2 Qe1 35. Rxd3 Qxe4+ 36. Rf3 Qxd4 37. Qb4 Qxd5 0-1

[Event "SWE-chT 1617"]
[Site "Sweden"]
[Date "2017.02.04"]
[Round "5.3"]
[White "Ornstein, Axel"]
[Black "Cramling, Dan"]
[Result "1/2-1/2"]
[WhiteElo "2337"]
[BlackElo "2367"]
[PlyCount "105"]
[EventDate "2016.10.14"]
[EventType "team-tourn"]
[EventRounds "9"]
[EventCountry "SWE"]
[SourceTitle "CBM 177 Extra"]
[Source "ChessBase"]
[SourceDate "2017.04.27"]
[SourceVersion "1"]
[SourceVersionDate "2017.04.27"]
[SourceQuality "1"]
[WhiteTeam "Eksjo"]
[BlackTeam "Viking Team"]
[WhiteTeamCountry "SWE"]
[BlackTeamCountry "SWE"]

1. d4 Nf6 2. Nf3 c5 3. e3 g6 4. g3 Bg7 5. Bg2 0-0 6. 0-0 d5 7. Nbd2 Qc7 8. b3 cxd4 9. Nxd4 e5 10. Nb5 Qb6 11. c4 Rd8 12. Nc3 Bg4 13. Qc2 Nc6 14. Nxd5 Nxd5 15. cxd5 Nb4 16. Qc4 e4 17. Ba3 Nxd5 18. Bc5 Qa5 19. b4 Qc7 20. Rac1 Be6 21. Bd4 Qxc4 22. Rxc4 Bxd4 23. Rxd4 f5 24. Rc1 Rac8 25. Rxc8 Rxc8 26. Bf1 Nb6 27. Nb3 Rc7 28. g4 Kf7 29. gxf5 gxf5 30. Rd2 Bxb3 31. axb3 Rc3 32. Rd6 Rc6 33. Rd4 Ke6 34. Bh3 Ke5 35. b5 Rc1+ 36. Kg2 f4 37. f3 Rc2+ 38. Kg1 Rc1+ 39. Kg2 Rc2+ 40. Kg1 exf3 41. Rxf4 Rb2 42. Rxf3 Rxb3 43. Rf7 h5 44. Rxb7 Rxb5 45. Rxa7 Rb1+ 46. Kf2 Rb2+ 47. Kf3 Rxh2 48. Ra5+ Kf6 49. Rxh5 Nc4 50. e4 Kg6 51. Rh8 Kg7 52. Rh4 Ne5+ 53. Kg3 1/2-1/2

[Event "SWE Cup"]
[Site "Linkoping"]
[Date "2016.09.11"]
[Round "7.1"]
[White "Cramling, Dan"]
[Black "Engstrom, Kaj"]
[Result "1-0"]
[WhiteElo "2367"]
[BlackElo "2159"]
[PlyCount "67"]
[EventDate "2016.09.09"]
[EventType "team-k.o."]
[EventRounds "7"]
[EventCountry "SWE"]
[SourceTitle "CBM 174 Extra"]
[Source "ChessBase"]
[SourceDate "2016.10.10"]
[SourceVersion "1"]
[SourceVersionDate "2016.10.10"]
[SourceQuality "1"]
[WhiteTeam "Viking Team"]
[BlackTeam "Kungstornet"]
[WhiteTeamCountry "SWE"]
[BlackTeamCountry "SWE"]

1. d4 d5 2. c4 c6 3. Nc3 Nf6 4. e3 g6 5. Bd3 Bg7 6. Nf3 0-0 7. 0-0 Nbd7 8. cxd5 cxd5 9. Qb3 e6 10. Bd2 Ne8 11. e4 Nb6 12. exd5 exd5 13. a4 Nd6 14. Bg5 f6 15. Bf4 Be6 16. Rfe1 Bf7 17. a5 Nbc4 18. Qb4 g5 19. Bg3 f5 20. Be5 Nxe5 21. Nxe5 Ne4 22. f3 Bxe5 23. dxe5 Nxc3 24. e6 Bxe6 25. Rxe6 Qd7 26. Re7 Qc6 27. bxc3 Rac8 28. Rb1 b6 29. Rxa7 bxa5 30. Qe7 Qc5+ 31. Qxc5 Rxc5 32. Rbb7 Re8 33. Bxf5 Rxc3 34. Be6+ 1-0

[Event "SWE-chB"]
[Site "Oerebro"]
[Date "2013.07.13"]
[Round "8"]
[White "Frisk Kockum, Anton"]
[Black "Cramling, Dan"]
[Result "0-1"]
[WhiteElo "2346"]
[BlackElo "2371"]
[PlyCount "88"]
[EventDate "2013.07.06"]
[EventType "tourn"]
[EventRounds "9"]
[EventCountry "SWE"]
[SourceTitle "EXT 2014"]
[Source "ChessBase"]
[SourceDate "2013.11.20"]
[SourceVersion "1"]
[SourceVersionDate "2013.11.20"]
[SourceQuality "1"]

1. e4 c5 2. Nf3 e6 3. d4 cxd4 4. Nxd4 Nc6 5. Nc3 Qc7 6. Be3 a6 7. Nxc6 bxc6 8. Be2 Rb8 9. 0-0 Rxb2 10. Na4 Rb8 11. Rb1 Rxb1 12. Qxb1 Nf6 13. c4 c5 14. Nb6 Nxe4 15. Bf3 f5 16. Bxe4 fxe4 17. Nxc8 Qxc8 18. Qxe4 Be7 19. Qf3 Bf6 20. Qh5+ g6 21. Qxc5 Qxc5 22. Bxc5 Kf7 23. Be3 Rb8 24. Rd1 d5 25. cxd5 exd5 26. g4 d4 27. Bf4 Rb2 28. a3 Ke6 29. Re1+ Kd5 30. g5 Bd8 31. Re5+ Kc4 32. Re6 Bb6 33. a4 a5 34. Kg2 d3 35. Rc6+ Kd5 36. Rd6+ Ke4 37. Kg3 Bxf2+ 38. Kg4 Bd4 39. Re6+ Kd5 40. Re1 Rg2+ 41. Bg3 d2 42. Rd1 Ke4 43. Kh3 Re2 44. Bc7 Bc3 0-1